Ontological aspects of quantum field theory / (Record no. 131252)
[ view plain ]
| 000 -LEADER | |
|---|---|
| fixed length control field | 01358cam a2200313 a 4500 |
| 001 - CONTROL NUMBER | |
| control field | 13096873 |
| 003 - CONTROL NUMBER IDENTIFIER | |
| control field | ARRUPE |
| 005 - DATE AND TIME OF LATEST TRANSACTION | |
| control field | 20220406091657.0 |
| 008 - FIXED-LENGTH DATA ELEMENTS--GENERAL INFORMATION | |
| fixed length control field | 030220s2002 njua b 101 0 eng d |
| 010 ## - LIBRARY OF CONGRESS CONTROL NUMBER | |
| LC control number | 2003268754 |
| 020 ## - INTERNATIONAL STANDARD BOOK NUMBER | |
| International Standard Book Number | 9812381821 (alk. paper) |
| 035 ## - SYSTEM CONTROL NUMBER | |
| System control number | (OCoLC)ocm51620804 |
| 040 ## - CATALOGING SOURCE | |
| Original cataloging agency | PIT |
| Transcribing agency | PIT |
| Modifying agency | DLC |
| 042 ## - AUTHENTICATION CODE | |
| Authentication code | lccopycat |
| 050 00 - LIBRARY OF CONGRESS CALL NUMBER | |
| Classification number | QC174.45.A1 |
| Item number | O58 2002 |
| 082 00 - DEWEY DECIMAL CLASSIFICATION NUMBER | |
| Classification number | 530.14/3 |
| Edition number | 21 |
| 300 ## - PHYSICAL DESCRIPTION | |
| Other physical details | ill. ; |
| Dimensions | 23 cm. |
| 245 00 - TITLE STATEMENT | |
| Title | Ontological aspects of quantum field theory / |
| Statement of responsibility, etc | edited by Meinard Kuhlmann, Holger Lyre, Andrew Wayne. |
| 260 ## - PUBLICATION, DISTRIBUTION, ETC. (IMPRINT) | |
| Place of publication, distribution, etc | River Edge, N.J. : |
| Name of publisher, distributor, etc | World Scientific, |
| Date of publication, distribution, etc | c2002. |
| 300 ## - PHYSICAL DESCRIPTION | |
| Extent | xi, 362 p. : |
| 500 ## - GENERAL NOTE | |
| General note | "Many of the essays were first presented as papers at the conference 'Ontological Aspects of Quantum Field Theory' held at the Zentrum für interdisziplinäre Forschung (Center for Interdisciplinary Research, ZiF), Bielefeld Germany, in October 1999"--Pref. |
| 504 ## - BIBLIOGRAPHY, ETC. NOTE | |
| Bibliography, etc | Includes bibliographical references and index. |
| 650 #0 - SUBJECT ADDED ENTRY--TOPICAL TERM | |
| Topical term or geographic name as entry element | Quantum field theory |
| Form subdivision | Congresses. |
| 9 (RLIN) | 51208 |
| 700 1# - ADDED ENTRY--PERSONAL NAME | |
| Personal name | Kuhlmann, Meinard. |
| 9 (RLIN) | 51209 |
| 700 1# - ADDED ENTRY--PERSONAL NAME | |
| Personal name | Lyre, Holger. |
| 9 (RLIN) | 51210 |
| 700 1# - ADDED ENTRY--PERSONAL NAME | |
| Personal name | Wayne, Andrew. |
| 9 (RLIN) | 51211 |
| 906 ## - LOCAL DATA ELEMENT F, LDF (RLIN) | |
| a | 7 |
| b | cbc |
| c | copycat |
| d | 2 |
| e | ncip |
| f | 20 |
| g | y-gencatlg |
| 942 ## - ADDED ENTRY ELEMENTS (KOHA) | |
| Source of classification or shelving scheme | Library of Congress Classification |
| Koha item type | Monograph ( Printed materials) |
| Withdrawn status | Lost status | Source of classification or shelving scheme | Damaged status | Not for loan | Collection code | Home library | Current library | Shelving location | Date acquired | Total Checkouts | Full call number | Barcode | Date last seen | Price effective from | Koha item type |
|---|---|---|---|---|---|---|---|---|---|---|---|---|---|---|---|
| Library of Congress Classification | Main Collection | ARRUPE LIBRARY | ARRUPE LIBRARY | Main Collection | 06/04/2022 | QC174.45.A1 O58 2002 | 46600009276 | 06/04/2022 | 06/04/2022 | Monograph ( Printed materials) |